000
00200 a2200097 4500
001
48493
100
_a
Drucker, P.F
245
_a
Management
260
_a
London
_b
Pan books
_c
090
_c
31429
_d
31429
942
_a
NUST-CAE
_c
M
_c
23813
999
_c
283566
_d
283566